ბათუმის შოთა რუსთაველის სახელმწიფო უნივერსიტეტის ბიბლიოთეკა

კაზუსის ამოხსნის მეთოდიკა სისხლის სამართალში : თანდართული კაზუსის ნიმუშებით / (ბიბ.ჩანაწერი № 53849)

000 -ლიდერი
ფიქსირებული სიგრძის საკონტროლო ველი 01556nam a2200277Ia 4500
001 - საკონტროლო ნომერი
საკონტროლო ველი 20900
003 - საკონტროლო ნომრის იდენტიფიკატორი
საკონტროლო ველი GE_BSU
005 - ბოლო ოპერაციის თარიღი და დრო
საკონტროლო ველი 20200819144908.0
008 - ფიქსირებული სიგრძის მონაცემთა ელემენტები - ზოგადი ინფორმაცია
ფიქსირებული სიგრძის საკონტროლო ველი 181216s2016ge xx |||||||||||||| ||geo||
020 ## - წიგნის საერთაშორისო სტანდარტული ნომერი
International Standard Book Number 9789941942204
040 ## - კატალოგიზაციის წყარო
Transcribing agency GE_BSU
041 ## - ენის კოდი
Language code of original and/or intermediate translations of text geo
080 ## - უნივერსალური ათობითი კლასიფიკაციის ინდექსი
Universal Decimal Classification number 34.096 დ-40
100 ## - მთავარი ჩანაწერი - პიროვნების სახელი
Personal name დვალიძე, ირაკლი.
9 (RLIN) 6351
245 ## - ცნობა სათაურის შესახებ
Title კაზუსის ამოხსნის მეთოდიკა სისხლის სამართალში : თანდართული კაზუსის ნიმუშებით /
Statement of responsibility, etc ირაკლი დვალიძე ; გიორგი თუმანიშვილი ; ნინო გვენეტაძე ; რედ. ირაკლი დვალიძე ; მერაბ ტურავ.
264 ## - წარმოების, გამოცემის, დისტრიბუციის და სხვა ცნობები
გამოცემის, წარმოების, დისტრიბუციის... ადგილი თბილისი :
გამოცემის, წარმოების, დისტრიბუციის... სახელწოდება ბონა კაუზა,
გამოცემის, წარმოების, დისტრიბუციის... თარიღი 2016.
300 ## - ფიზიკური აღწერა
Extent 282 გვ .:
Dimensions 20 სმ.
508 ## - CREATION/PRODUCTION CREDITS NOTE
Creation/production credits note გამოცემულია GIZ-ის ფინანსური მხარდაჭერით.
653 ## - INDEX TERM--UNCONTROLLED
Uncontrolled term კაზუსის ამოხსნა სისხლის სამართალში
653 ## - INDEX TERM--UNCONTROLLED
Uncontrolled term სამართალი
700 ## - ADDED ENTRY--PERSONAL NAME
Personal name თუმანიშვილი, გიორგი
9 (RLIN) 5244
700 ## - ADDED ENTRY--PERSONAL NAME
Personal name გვენეტაძე, ნინო
9 (RLIN) 6476
700 ## - ADDED ENTRY--PERSONAL NAME
Personal name დვალიძე, ირაკლი
Relator term რედაქტორი
9 (RLIN) 6351
700 ## - ADDED ENTRY--PERSONAL NAME
Personal name ტურავა, მერაბ
Relator term რედაქტორი
9 (RLIN) 9269
942 ## - ADDED ENTRY ELEMENTS (KOHA)
Koha item type წიგნი
Source of classification or shelving scheme
ეგზემპლარები
ჩამოწერის სტატუსი დაკარგული ეგზემპლარის სტატუსი კლასიფიკაციის წყარო ან თაროზე გაწყობის სქემა დაზიანების სტატუსი არ გაიცემა მუდმივი მდებარეობა (დაცვის ადგილი) ამჟამინდელი ადგილსამყოფელი თაროზე განთავსების ადგილი შეძენის თარიღი ღირებულება, შესყიდვის ნორმალური ფასი სრული შენახვის შიფრი შტრიხკოდი ბოლო ოპერაციის თარიღი ეგზემპლარის მიმდევრობითი ნომერი (კეტერი?) ფასის ძალაში შესვლის თარიღი ეგზემპლარის სახეობა საჯარო შენიშვნა
          ბათუმის შოთა რუსთაველის სახელმწიფო უნივერსიტეტის მთავარი ბიბლიოთეკა ბათუმის შოთა რუსთაველის სახელმწიფო უნივერსიტეტის მთავარი ბიბლიოთეკა წიგნსაცავი 2018-12-17 11.00 34.096 დ-40 54484 2018-12-17 54484 2018-12-17 წიგნი 11.00
          ბათუმის შოთა რუსთაველის სახელმწიფო უნივერსიტეტის მთავარი ბიბლიოთეკა ბათუმის შოთა რუსთაველის სახელმწიფო უნივერსიტეტის მთავარი ბიბლიოთეკა წიგნსაცავი 2018-12-17 11.00 34.096 დ-40 54485 2018-12-17 54485 2018-12-17 წიგნი 11.00
          ბათუმის შოთა რუსთაველის სახელმწიფო უნივერსიტეტის მთავარი ბიბლიოთეკა ბათუმის შოთა რუსთაველის სახელმწიფო უნივერსიტეტის მთავარი ბიბლიოთეკა წიგნსაცავი 2018-12-17 11.00 34.096 დ-40 54486 2018-12-17 54486 2018-12-17 წიგნი 11.00
          ბათუმის შოთა რუსთაველის სახელმწიფო უნივერსიტეტის მთავარი ბიბლიოთეკა ბათუმის შოთა რუსთაველის სახელმწიფო უნივერსიტეტის მთავარი ბიბლიოთეკა წიგნსაცავი 2018-12-17 11.00 34.096 დ-40 54487 2018-12-17 54487 2018-12-17 წიგნი 11.00
          ბათუმის შოთა რუსთაველის სახელმწიფო უნივერსიტეტის მთავარი ბიბლიოთეკა ბათუმის შოთა რუსთაველის სახელმწიფო უნივერსიტეტის მთავარი ბიბლიოთეკა წიგნსაცავი 2018-12-17 11.00 34.096 დ-40 54488 2018-12-17 54488 2018-12-17 წიგნი 11.00
          ბათუმის შოთა რუსთაველის სახელმწიფო უნივერსიტეტის მთავარი ბიბლიოთეკა ბათუმის შოთა რუსთაველის სახელმწიფო უნივერსიტეტის მთავარი ბიბლიოთეკა წიგნსაცავი 2020-08-19 14.00 34.096 დ-40 60906 2020-08-19 60906 2020-08-19 წიგნი 14.00